000 00518nam a2200145Ia 4500
008 100122s9999 xx 000 0 und d
082 _b51471
_a294.5
100 _aसावरकर विनायक दामोदर
245 _aहिंदुत्व ( क.क्र.26/4 )
260 _bवीर सावरकर प्रकाशन
_c1994
300 _a168
630 _aहिंदुत्व ( क.क्र.26/4 )
730 _aहिंदुत्व ( क.क्र.26/4 )
942 _cBOOK
999 _c428870
_d428867